00847nam a22001817a 450000500170000000800410001702000190005805000200007710000300009724501120012725000180023926000530025730000600031050000360037050502110040665000210061770000270063820231102151813.0150326b2009 mx a|||| |||| 00| 0 spa d a 978970107279014aHD31b B38 20091 aBateman, Thomas S.eautor10aAdministración:bLiderazgo y colaboración en un mundo competitivoc / Thomas S. Bateman, Scott A. Snell b8a. edición aMéxicob : McGraw-Hill Interamericanac , 2009 axxvi, 690 páginasbcuadros, gráficas, fotografías aIncluye: Índices (pp. I1-I26)2 aFundamentos de la administración Planeación:proporcionar valor estratégico Organización: integrar una organización dinámica Dirección: movilización del personal Control: aprendizaje y cambio14aADMINISTRACIÓN aSnell, Scott A.eautor